1483 1731 1828 1880 1768 1507 1026 1832 1874 1510 1042 1491 1860 1256 1604 1351 1237 1153 1483 1408 1038 1245 1196 1542 1793 1357 1036 1054 1275 1106 1953 1967 1539 1256 1153 1274 1579 1257 1595 1845 1852 1223 1050 1783 1590 1205 1346 1734 1292 1908 1654 1638 1700 1007 1694 1684 1054 1433 1185 1432 1104 1317 1809 1336 1040 1546 1425 1927 1078 1420 1787 1318 1010 1948 1966 1972 1016 1521 1340 1926 1100 1074 1656 1650 1937 1507 1174 1565 1575 1381 1892 1612 1642 1733 1990 1362 1131 1615 1438 BCNSPRNW ULIB Ver.6.0+V

เปลี่ยนเป็นภาษาไทย

Change to English
 แสดงรายละเอียดบรรณานุกรม
  กลับหน้าหลัก

Brief Record : Get Marc (ISO 2709) : E-mail record : QR code < ปิดหน้าต่าง
LEADER : 00000nam 2200000uu 4500
001    13399120090
003     ULIB
008    020711s2553 th a 000 0 tha d
020    9786167381138
090    นว.^bด151ร
100    ดวงดาวสีน้ำเงิน
245    รักอันตรายเจ้าชายฟีนิกซ์ /^cดวงดาวสีน้ำเงิน
260    กรุงเทพฯ :^bไอดีซี,^c2553
300    216 หน้า หน้า
945    ^p175^l0^i17088
999    ^aทศพร เกษรทอง
รายการนี้ยังไม่มีแท็ก
คุณยังไม่ได้ล็อกอิน คุณสามารถมีกิจกรรมร่วมกับเว็บไซต์ได้ แต่ต้องล็อกอินก่อน ::
  ล็อกอิน

รายการสื่อสารสนเทศ

ลำดับที่ ประเภท เลขเรียก/บาร์โค้ด สถานที่ สถานะ
- ไม่พบข้อมูล -

BibComment


ยังไม่เคยถูกคอมเมนท์

คอมเมนท์ทรัพยากรรายการนี้
  คอมเมนท์: รักอันตรายเจ้าชาย..


 Copyright 2026. Bcnsprnw @Library